Las moscas /

Guardado en:
Autor Principal: Sartre, Jean Paul
Formato: Libro
Publicado: Buenos Aires : Losada, 1983
Edición:5a. ed.
Series:Bibl. Clásica Contemporánea, 4
Materias:
Etiquetas: Agregar Etiqueta
Sin Etiquetas, Sea el primero en etiquetar este registro!
LEADER 00594nam a22002175a 4500
001 CEM.cems005846
005 20060214000000.0
008 130507s1983##################000#0#####d
003 CEMS
082 0 4 |a 842.9 
100 1 |a Sartre, Jean Paul 
245 1 0 |a Las moscas /  |c Nekrasov / 
250 |a 5a. ed. 
260 |a Buenos Aires :  |b Losada,  |c 1983 
300 |a 203 p. 
490 0 |a Bibl. Clásica Contemporánea, 4 
505 0 |a Contiene adem s: Nekrasov.- 
653 |a Literatura 
653 |a Teatro 
653 |a Teatro frances 
859 |a CEMS  |b BIB. CEMS - 11 de abril  |h 842.9  |i Sa77a5  |p 14546.87  |t Ej.1